Marktforschung und Marketing Management Computerbasierte Entscheidungsunterstützung

Gespeichert in:
Bibliographische Detailangaben
1. Verfasser: Gaul, Wolfgang
Weitere Verfasser: Baier, Daniel
Format: Buch
Sprache:Deutsch
Veröffentlicht: München Oldenbourg 1994
Ausgabe:2. durchges. Aufl.
Schlagworte:
Tags: Tag hinzufügen
Keine Tags, Fügen Sie das erste Tag hinzu!

MARC

LEADER 00000nam a2200000 4500
001 c010019
005 20221214075334.5
020 |a 3-486-22877-3 
041 0 |a ger 
044 |a DE 
245 1 0 |a Marktforschung und Marketing Management  |b Computerbasierte Entscheidungsunterstützung  |c Wolfgang Gaul, Daniel Baier 
250 |a 2. durchges. Aufl. 
264 1 |a München  |b Oldenbourg  |c 1994 
300 |a 386 s. 
610 2 0 |a výskum 
610 2 0 |a marketing 
610 2 0 |a manažment 
610 2 0 |a počítače 
610 2 0 |a plánovanie 
100 1 |a Gaul, Wolfgang 
700 1 |a Baier, Daniel